Music Quiz

Random Music Quiz
Score 0/10 Timer 06:00
0 Plays Today
Place Song % Correct
1stRadioactive
100%
6thDemons
90.6%
5thOn Top of the World
78.1%
3rdIt’s Time
75%
2ndI Bet My Life
62.5%
7thGold
62.5%
9thWarriors
56.3%
8thShots
53.1%
10thBleeding Out
40.6%
4thTiptoe
25%
Remove Ads.
Support Sporcle.
Get the best of Sporcle when you Go Orange. This ad-free experience offers more features, more stats, and more fun while also helping to support Sporcle. Thank you for becoming a member.

You're not logged in!

Compare scores with friends on all Sporcle quizzes.
OR
Log In

Show Comments

Extras

Top Quizzes Today


Score Distribution

Your Account Isn't Verified!

In order to create a playlist on Sporcle, you need to verify the email address you used during registration. Go to your Sporcle Settings to finish the process.

Report this User

Report this user for behavior that violates our Community Guidelines.

Details: